Autobiografías campesinas

Bewaard in:
Bibliografische gegevens
Coauteur: Universidad Nacional. Escuela de Planificación y Promoción Social
Formaat: Texto
Gepubliceerd in: Heredia: EUNA
Tags: Voeg label toe
Geen labels, Wees de eerste die dit record labelt!

MARC

LEADER 00000 a a2200000 04500
001 24968
003
040
090 |a 176600  
110 |a Universidad Nacional. Escuela de Planificación y Promoción Social  
245 |a Autobiografías campesinas  
260 |a Heredia:   |b EUNA  
300 |a 271 p.; Vol. 2  
999 |c 15348  |d 15348